000 01597cam a22004934i 4500
003 PE-LiUPU
005 20250731172920.0
008 150617s r 000 0 d
020 _a8425414253
035 _a(Sirsi) i9788425414251
040 _aPE-LiUPU
_bspa
_cPE-LiUPU
_erda
049 _aPRUA
082 0 4 _a297.1
_bH77
_221
100 1 _aNasr, Seyyed Hossein,
_eautor.
245 1 0 _aVida y pensamiento en el Islam /
_cSeyyed Hossein Nasr ; [versión de Esteve Serra].
264 1 _aBarcelona :
_bHerder,
_c1985.
300 _a342 páginas ;
_c21 centímetros
336 _atext
_2rdacontent
337 _aunmediated
_2rdamedia
338 _avolume
_2rdacarrier
490 0 _aRota Mvndi ;
_v5
504 _anotas bibliográficas.
505 0 _aLey y sociedad -- Vida cultural e intelectual -- Las ciencias -- Filosofía -- Sufismo.
526 _aSEG42
526 _aSEG41
526 _aSEG40
526 _aSEG39
526 _aP94
526 _aP87
526 _aP86
526 _aP85
526 _aP77
526 _aP76
526 _aP35
650 0 4 _aCivilización musulmana.
650 0 4 _aIslamismo.
910 _ajck
_bjvq
_cjck
_d20150616
942 _2ddc
_cBOOK
949 _a297.1 H77
_wDEWEY
_c1
_i26053
_lCCODEBUL1
_mBUL
_r0
_sY
_tBOOK
_u2015-6-17
_xTEOLOGIA
_PP35
_0COMPRA
_o.STAFF. Colección General
994 _aC0
_bPEPRU
596 _a1
999 _a297.1 H77
_wDEWEY
_c18827
_i26053
_f2021-11-12
_g5
_lCCODEBUL1
_mBUL
_r0
_sY
_tBOOK
_u2015-6-17
_xTEOLOGIA
_PP35
_0COMPRA
_o.STAFF. Colección General
_d18827
980 _81
_gALBERTO SANCHEZ Responsable de Automatización